书目信息 |
| 题名: |
一体化课程开发指导手册
|
|
| 作者: | ;中国就业培训技术指导中心 组织编写 | |
| 分册: | ||
| 出版信息: | 北京 中国劳动社会保障出版社 2020.07 |
|
| 页数: | 158页 | |
| 开本: | 21×28cm | |
| 丛书名: | ||
| 单 册: | ||
| 中图分类: | G718.1-62 | |
| 科图分类: | ||
| 主题词: | 技工学校--课程--教学研究--手册 | |
| 电子资源: | ||
| ISBN: | 978-7-5167-4357-7 | |
| 000 | 00903nam0 2200229 450 | |
| 001 | 0102100409 | |
| 005 | 20210402100818.0 | |
| 010 | @a978-7-5167-4357-7@dCNY35.00 | |
| 100 | @a20200904d2020 em y0chiy50 ea | |
| 101 | 0 | @achi |
| 102 | @aCN@b110000 | |
| 105 | @aa z 000yy | |
| 106 | @ar | |
| 200 | 1 | @a一体化课程开发指导手册@Ayi ti hua ke cheng kai fa zhi dao shou ce@e2020@f中国就业培训技术指导中心组织编写 |
| 210 | @a北京@c中国劳动社会保障出版社@d2020.07 | |
| 215 | @a158页@c彩图@d21×28cm | |
| 330 | @a本书设有七个工作环节:行业企业调研、实践专家访谈会、典型工作任务分析、一体化课程转化、一体化课程标准编制、课程实施建议编制、考核与评价建议编制。 | |
| 606 | 0 | @a技工学校@x课程@x教学研究@j手册 |
| 690 | @aG718.1-62@v5 | |
| 711 | 02 | @a中国就业培训技术指导中心@Azhong guo jiu ye pei xun ji shu zhi dao zhong xin@4组织编写 |
| 801 | 0 | @aCN@bBJSZM@c20210402 |
| 905 | @b1274155-9@dG718.1-62@e66@f5 | |
| 一体化课程开发指导手册:2020/中国就业培训技术指导中心组织编写.-北京:中国劳动社会保障出版社,2020.07 |
| 158页:彩图;21×28cm |
| ISBN 978-7-5167-4357-7:CNY35.00 |
| 本书设有七个工作环节:行业企业调研、实践专家访谈会、典型工作任务分析、一体化课程转化、一体化课程标准编制、课程实施建议编制、考核与评价建议编制。 |
| ● |
| 相关链接 |
|
|
|
|
正题名:一体化课程开发指导手册
索取号:G718.1-62/66
 
预约/预借
| 序号 | 登录号 | 条形码 | 馆藏地/架位号 | 状态 | 备注 |
| 1 | 1274155 | 212741559 | 第一样本阅览室/ [索取号:G718.1-62/66] | 在馆 | |
| 2 | 1274156 | 212741568 | 教育系资料室/ [索取号:G718.1-62/66] | 在馆 | |
| 3 | 1274157 | 212741577 | 教育系资料室/ [索取号:G718.1-62/66] | 在馆 | |
| 4 | 1274158 | 212741586 | 第四借阅区/ [索取号:G718.1-62/66] | 在馆 | |
| 5 | 1274159 | 212741595 | 第四借阅区/ [索取号:G718.1-62/66] | 在馆 |